<?xml version="1.0" encoding="UTF-8"?>
<record
    xmlns:xsi="http://www.w3.org/2001/XMLSchema-instance"
    xsi:schemaLocation="http://www.loc.gov/MARC21/slim http://www.loc.gov/standards/marcxml/schema/MARC21slim.xsd"
    xmlns="http://www.loc.gov/MARC21/slim">

  <leader>01752nam a2200241Ia 4500</leader>
  <controlfield tag="001">IA_Based on the methodology proposed composed of a mixed research (documentary and field) adapted for the productive area of mango, the following results were obtained: to implement this project requires an investment in fixed assets and deferred of  6,790,249.00 and an initial working capital of  764,816.00, these investments can be covered by resources of the partners (12.8%), by the Delegation SAGARPA (69.4%) and Financiera Nacional (17.8%). Under these conditions it was determined that the project is economically viable with a NPV of  5,883,626.01 and an IRR of 122.93% and, calculated with an update factor of 20%. Likewise, a B / C ratio of  1.13 was calculated. It is concluded that with the formal organization of the partner producers and the use of technologies that allow the increase of prod</controlfield>
  <controlfield tag="002">ESTUDIO DE FACTIBILIDAD TECNICO-ECONOMICO PARA EL</controlfield>
  <controlfield tag="008">220117s    xx            000 0 und d</controlfield>
  <datafield tag="010" ind1=" " ind2=" ">
    <subfield code="a">187877</subfield>
  </datafield>
  <datafield tag="530" ind1=" " ind2=" ">
    <subfield code="a">Disponible en PDF</subfield>
  </datafield>
  <datafield tag="583" ind1=" " ind2=" ">
    <subfield code="a">1 ej. Imp. ; 2 ej. CD</subfield>
  </datafield>
  <datafield tag="650" ind1=" " ind2="0">
    <subfield code="a">Entrepreneurship</subfield>
    <subfield code="z">Mexico</subfield>
    <subfield code="z">Guerrero</subfield>
    <subfield code="z">Ayutla de los Libres</subfield>
    <subfield code="9">163513</subfield>
  </datafield>
  <datafield tag="650" ind1=" " ind2="0">
    <subfield code="a">Iniciativa empresarial</subfield>
    <subfield code="z">M&#xE9;xico</subfield>
    <subfield code="z">Guerrero</subfield>
    <subfield code="z">Ayutla de los Libres  </subfield>
    <subfield code="9">163514</subfield>
  </datafield>
  <datafield tag="650" ind1=" " ind2="0">
    <subfield code="a">Mangifera indica</subfield>
    <subfield code="x">Industria y comercio</subfield>
    <subfield code="z">M&#xE9;xico  </subfield>
    <subfield code="9">163515</subfield>
  </datafield>
  <datafield tag="650" ind1=" " ind2="0">
    <subfield code="a">Mangifera indica</subfield>
    <subfield code="x">Industry and trade</subfield>
    <subfield code="z">Mexico  </subfield>
    <subfield code="9">163516</subfield>
  </datafield>
  <datafield tag="650" ind1=" " ind2=" ">
    <subfield code="a">Packing houses  </subfield>
    <subfield code="9">148403</subfield>
  </datafield>
  <datafield tag="650" ind1=" " ind2=" ">
    <subfield code="a">Plantas empacadoras  </subfield>
    <subfield code="9">148404</subfield>
  </datafield>
  <datafield tag="700" ind1=" " ind2=" ">
    <subfield code="a">Altamirano C&#xE1;rdenas, J. Reyes, asesor</subfield>
    <subfield code="9">163676</subfield>
  </datafield>
  <datafield tag="700" ind1=" " ind2=" ">
    <subfield code="a">Covarrubias Guti&#xE9;rrez, Ignacio, asesor </subfield>
    <subfield code="9">163806</subfield>
  </datafield>
  <datafield tag="700" ind1=" " ind2=" ">
    <subfield code="a">Vel&#xE1;zquez Castillo, Alejandra, dir. </subfield>
    <subfield code="9">155070</subfield>
  </datafield>
  <datafield tag="942" ind1=" " ind2=" ">
    <subfield code="c">TESIS C376 2018</subfield>
  </datafield>
  <datafield tag="999" ind1=" " ind2=" ">
    <subfield code="c">187877</subfield>
    <subfield code="d">187877</subfield>
  </datafield>
</record>
